| 000 | 00833nam a22002532a 4500 | ||
|---|---|---|---|
| 001 | 25883 | ||
| 003 | BD-RjUL | ||
| 005 | 20211209050936.0 | ||
| 008 | 140319s1965 - f 000 0 eng d | ||
| 035 |
_aOCLC ocm10504599 from D951207M _a(BD-RjUL) 25953 |
||
| 040 |
_aAAM _cAAM _dUKM _dBD-RjUL _beng |
||
| 041 | _aeng | ||
| 082 |
_a954.040924 _218 _bJAR 1965 |
||
| 090 |
_aDS481.K5 _bJ3 |
||
| 100 | 1 |
_aJain, A. P. _q(Ajit Pershad), _d1933- _979531 |
|
| 245 | 1 | 0 |
_aRafi Ahmad Kidwai : _ba memoir of his life and times / _cAjit Prasad Jain |
| 260 |
_aLondon : _bAsia Publishing House, _c1965. |
||
| 300 |
_aix, 130 p., [9] leaves of plates : _bill. ; _c23 cm |
||
| 504 | _aIncludes index. | ||
| 600 | 1 | 0 |
_aKidwai, Rafi Ahmad, _d1894-1954 _979538 |
| 650 |
_aKidwai, Rafi Ahmad, 1894-1954 _979533 |
||
| 942 |
_2ddc _cBK |
||
| 999 |
_c25883 _d25883 |
||